000 00518pab a2200205 454500
008 180718b2004 xxu||||| |||| 00| 0 eng d
100 _aKulkarni, Sumati
245 _aChild labour, schooling and fertility: what does NFHS-2 indicate?
260 _c2004
300 _ap.265-94.
362 _aJul-Dec
650 _aHealth services
650 _aFertility
650 _aSchools
650 _aChild labour
700 _aVaidehi, Y.
700 _aAcharya, Rajib
773 _aDemography India
909 _a67318
999 _c67318
_d67318